Nelson. Tratado de Pediatría. T.1. (Registro nro. 807)
[ vista simple ]
| 000 -LEADER | |
|---|---|
| fixed length control field | 00748 am a2200241 a 4500 |
| 005 - FECHA ULTIMA MODIFICACION | |
| control field | 20111115125004.0 |
| 008 - CAMPO DE CONTROL (LIBRO) | |
| fixed length control field | 100702s1997||||mx a f |||| 001 0 spa d |
| 020 ## - INTERNATIONAL STANDARD BOOK NUMBER | |
| ISBN | 9701015622 |
| 041 ## - CODIGO DE IDIOMA | |
| Código de idioma del texto/pista de sonido o título separado | spa |
| 092 ## - SIGNATURA TOPOGRAFICA DEWEY LOCAL | |
| número de clasificación | 618.92 |
| Classification number | BEH |
| libristica | 6 |
| 100 1# - ENTRADA PRINCIPAL--NOMBRE PERSONAL | |
| Nombre personal | Behrman, Richard E. |
| 9 (RLIN) | 5 |
| 245 ## - TITULO PROPIAMENTE DICHO | |
| Título | Nelson. Tratado de Pediatría. T.1. |
| Mención de responsabilidad y remanente de la transcripción de la portada | Richard E. Behrman |
| Número de la parte/sección de la obra | T.1. |
| 250 ## - MENCION DE EDICION | |
| Mención de edición | 15a ed. |
| 260 ## - PIE DE IMPRENTA | |
| Lugar de publicación, distribución, etc | México : |
| Nombre de la editorial, distribuidor, etc | McGraw-Hill, |
| Fecha de publicación | 1997. |
| 300 ## - DESCRIPCION FISICA | |
| Extension | 1-1462 p. |
| 590 ## - NOTAS LOCALES (RLIN) | |
| Nota local | Donación de Marcelo Sotomayor, Feb. 2011. |
| 653 ## - TÉRMINO INDIZADO - PALABRAS CLAVES | |
| Palabra clave | Pediatría |
| 700 1# - ENTRADAS SECUNDARIAS - NOMBRE PERSONAL | |
| Nombre personal | Kliegman, Robert M. |
| 9 (RLIN) | 4 |
| 700 1# - ENTRADAS SECUNDARIAS - NOMBRE PERSONAL | |
| Nombre personal | Arvin, Ann M. |
| 9 (RLIN) | 701 |
| 930 ## - NUMERO DE INVENTARIO | |
| Número de inventario | 2201 |
| 942 ## - ADDED ENTRY ELEMENTS (KOHA) | |
| Source of classification or shelving scheme | Dewey Decimal Classification |
| Item type | Libros |
| Estado de retiro | Existencia | Fuente de clasificación | Estado general | Uso restringido | No para prestamo | Ubicación permanente | ubicación actual | Sala de ubicación | Fecha de adquisición | Total Checkouts | Número de clasificación | Código de barras | Date last seen | Número de ejemplar | Price effective from | Koha tipo de elemento (item) | Public note | Coded location qualifier |
|---|---|---|---|---|---|---|---|---|---|---|---|---|---|---|---|---|---|---|
| Dewey Decimal Classification | Restricted Access | Not For Loan | Biblioteca Medicina | Biblioteca Medicina | Circulación | 13/05/2011 | 618.92 6 BEH | 2201 | 06/11/2014 | ej.8 | 13/05/2011 | Libros | Baja 2017 (Caja 10) |